=LDR 00000nam 2200000 4500 =001 INLIS000000000018250 =005 20130612113430 =008 ***********************************Ind** =035 ##$$0010-061300000018250 =041 ##$$a Ind =082 ##$$a 636.214 2 =090 ##$$a 636.214 2, Sya t =100 ##$$a Syarif, M. Zein =245 ##$$a Ternak perah, M.Zein Syarif =260 ##$$a 1990 $b Jakarta =300 ##$$a 192 hlm, ilus, 21 cm =650 ##$$a Ternak =850 ##$$a NBPNMAT